000 00890nam a2200241Ia 4500
003 OSt
005 20220923220435.0
006 a|||||r|||| 00| 0
007 ta
008 220922b |||||||| |||| 00| 0 hin d
024 _a186,657
037 _cTextual
040 _aARTS
_cARTS
_bhin
041 _2hin
_ahin
082 _aXv2.L, 152N7-;1
100 _aमोरलैंड, डब्ल्यू एच0
_9164200
245 0 _aअकबर से औरगंजेब तक, अनु के के त्रिवेदी
246 _aAkabar se auraganjeb taka, anu0 ke0 ke0 trivedī
260 _aनई दिल्ली
_b ग्रंथ शिल्पी प्रकाशन
_c1977
300 _a345 पृ.
_ccm.
942 _hXv2.L, 152N7-;1
_cTEXL
_2CC
999 _c339900
_d339900